ბათუმის შოთა რუსთაველის სახელმწიფო უნივერსიტეტის ბიბლიოთეკა

Процессы и аппараты нефтегазопереработки. (ბიბ.ჩანაწერი № 37036)

000 -LEADER
fixed length control field 00670nam a2200217Ia 4500
001 - CONTROL NUMBER
control field 2990
003 - CONTROL NUMBER IDENTIFIER
control field GE_BSU
008 - FIXED-LENGTH DATA ELEMENTS--GENERAL INFORMATION
fixed length control field 181216s||||||||xx |||||||||||||| ||und||
040 ## - CATALOGING SOURCE
Transcribing agency GE_BSU
080 ## - UNIVERSAL DECIMAL CLASSIFICATION NUMBER
Universal Decimal Classification number 665.6:66(075.32)
100 ## - MAIN ENTRY--PERSONAL NAME
Personal name Молоканов,Ю.К.
245 ## - TITLE STATEMENT
Title Процессы и аппараты нефтегазопереработки.
245 ## - TITLE STATEMENT
Remainder of title Учебник для техникумов.
245 ## - TITLE STATEMENT
Statement of responsibility, etc. Ред.Л.Швыркова
260 ## - PUBLICATION, DISTRIBUTION, ETC.
Place of publication, distribution, etc. М.
260 ## - PUBLICATION, DISTRIBUTION, ETC.
Name of publisher, distributor, etc. Химия.
260 ## - PUBLICATION, DISTRIBUTION, ETC.
Date of publication, distribution, etc. 1980.
300 ## - PHYSICAL DESCRIPTION
Extent 408 стр.22см. с илл.
653 ## - INDEX TERM--UNCONTROLLED
Uncontrolled term Процессы и аппараты нефтегазопереработки.
942 ## - ADDED ENTRY ELEMENTS (KOHA)
Koha item type წიგნი
ეგზემპლარები
Withdrawn status Lost status Damaged status Not for loan Date acquired Barcode Date last seen Price effective from Koha item type
        2018-12-17 9444 2018-12-17 2018-12-17 წიგნი